000 00689nam a2200181 i 4500
001 87739
003 ES-MaACL
005 20251006165850.0
007 t|
008 041223s1939 sp ||||1| spa d
100 1 _aLacadena y Brualla, Ramón,
_cMarqués de la Cadena,
_d1893-1965
_969315
245 1 3 _aLa España Imperial
_b: el Gran Cardenal de España (D. Pedro González de Mendoza) /
_cpor Ramón Lacadena y Brualla, Marqués de la Cadena.
260 _aZaragoza :
_bLuz,
_c1939 (
_fLa Académica)
300 _a270 p. :
_bretr. ;
_c20 cm.
600 1 7 _aGonzález de Mendoza, Pedro,
_d1428-1495
_2
_9165786
852 _aES-MaACL
_jB-9471
_bR.19251
999 _c87739
_d87739